000 00985cam a22002294a 4500
999 _c328630
_d328630
001 13981253
003 Nust
005 20170412160429.0
008 050525s2005 nyu 000 0 eng
010 _a 2005050203
020 _a0802142257
040 _aDLC
_cDLC
_dDLC
050 0 0 _aPR6066.I53
_bD43 2005
082 0 0 _a822.914 PIN
_222
100 1 _aPinter, Harold,
_d1930-2008.
245 1 0 _aDeath etc. /
_cHarold Pinter.
260 _aNew York :
_bGrove Press,
_cc2005.
300 _a125 p. ;
_c20 cm.
500 _aIncludes author's "Wilfred Owen Award" speech, given on Mar. 18, 2005.
856 4 2 _3Publisher description
_uhttp://www.loc.gov/catdir/enhancements/fy1413/2005050203-d.html
906 _a7
_bcbc
_corignew
_d1
_eocip
_f20
_gy-gencatlg
942 _2ddc
_cBK